002460000a2200085000450024500620000004100140006270000300007610000240010677300300013010aEnfrentar el riesgo de extinción en la flora colombiana0 aEspañol1 aAndrade, Germán Ignacio1 aCalderón, Eduardo1 tBiosintesisq1-4d1998g5